|
|
|
|
| LEADER |
00000naa a2200000 i 4500 |
| 001 |
publ146 |
| 005 |
20170403193049.0 |
| 008 |
170403s2004 hu o 000 zxx d |
| 040 |
|
|
|a BGE Publikációtár Repozitórium
|b hun
|
| 100 |
1 |
|
|a Hámori Antal
|
| 245 |
1 |
3 |
|a Az egyes vendéglátóipari munkakörök betöltéséhez szükséges alkalmassági-képesítési feltételek jogi szabályozása (fogyasztóvédelmi jogi aspektusok)
|c Hámori Antal
|h [elektronikus dokumentum]
|
| 260 |
|
|
|a Budapesti Gazdasági Főiskola
|b Budapest
|c 2004
|
| 300 |
|
|
|a 190-194
|
| 490 |
0 |
|
|a Tudományos Évkönyv 2003: Magyarország a gazdasági fejlődés keresztútján
|
| 650 |
|
4 |
|a állam- és jogtudományok
|
| 695 |
|
|
|a Fogyasztóvédelem
|
| 695 |
|
|
|a Vendéglátóipari képesítés
|
| 856 |
4 |
0 |
|u https://publikaciotar.uni-bge.hu/id/eprint/146/1/hamori_az%20egyes%20vendeglatoipari.pdf
|z Dokumentum-elérés
|